| 000 | 00451nab a2200145Ia 4500 | ||
|---|---|---|---|
| 003 | ES-SlBCS | ||
| 005 | 20210601124117.0 | ||
| 008 | 140529s1976 xxu||||| |||| 00| 0 eng d | ||
| 041 | _aeng | ||
| 100 | 1 |
_aScheffler, Samuel _9135494 |
|
| 245 | 0 | 0 |
_aNatural Rights, Equality, and the Minimal State _c Samuel Scheffler |
| 650 | 0 | 4 |
_aDerechos Naturales _9135495 |
| 773 | 0 |
_tCanadian Journal of Philosophy _gvol. 6, 1976, págs. 59-76 _wRev1390 |
|
| 942 | _cAR | ||
| 999 |
_c509514 _d509514 |
||